000 00508nam a2200145Ia 4500
008 151213s9999 xx 000 0 und d
100 _aমজিফজ উদ্দীন আহম্মেদ।
245 _aপরিভাষা কোষ।
_cমজিফজ উদ্দীন আহম্মেদ।
260 _aঢাকা।
_c1984
300 _a8696 p.
650 _aBangla
650 _aদর্শন
700 _aমজিফজ উদ্দীন আহম্মেদ।
999 _c4482
_d4482